Normal view
MARC view
Entry Término temático
001 - NÚMERO DE CONTROL
- campo de control: 3221
003 - IDENTIFICADOR DEL NÚMERO DE CONTROL
- campo de control: FranzMayer
005 - FECHA Y HORA DE LA ÚLTIMA TRANSACCIÓN
- campo de control: 20190320203228.0
008 - DATOS DE LONGITUD FIJA
- campo de control de longitud fija: 190320|| aca||aabn | a|a d
040 ## - FUENTE DE LA CATALOGACIÓN
- Centro catalogador/agencia de origen: FranzMayer
- Centro/agencia transcriptor: FranzMayer
150 ## - ENCABEZAMIENTO--TÉRMINO DE MATERIA
- Término de materia o nombre geográfico como elemento de entrada: Diseñadores gráficos
- Subdivisión de forma: Exposiciones
- Subdivisión geográfica: México
670 ## - FUENTE DE DATOS ENCONTRADOS
- Cita de la fuente: Work cat.: (FranzMayer): 3 [i.e. Tercera] Bienal Internacional del Cartel en México, 1994 = Third International Biennial of the Poster in Mexico, 1994 = Troisieme Biennale Internationale de L´Affiche au Mexique., 1994